Álgebra
Publicado:
Barcelona :
Escuela Elemental del Trabajo de la Diputación Provincial de Barcelona ,
1947
Descripción Física:
158 p. ; 21 cm
Otros Autores:
Escola Elemental del Treball (Barcelona)
Materias:
Àlgebra
MARC
| LEADER | 00000nam a2200000Ia 4500 | ||
|---|---|---|---|
| 001 | 11619 | ||
| 008 | 160829s1947 xx 000 0 cat d | ||
| 080 | |a C-1-442 | ||
| 245 | |a Álgebra | ||
| 260 | |a Barcelona : |b Escuela Elemental del Trabajo de la Diputación Provincial de Barcelona, |c 1947 | ||
| 300 | |a 158 p. ; |c 21 cm | ||
| 650 | |a Àlgebra |9 34052 | ||
| 700 | |a Escola Elemental del Treball (Barcelona) |9 55345 | ||
| 901 | |a Arxiu | ||
| 942 | |n 1 | ||
| 952 | |0 0 |1 0 |4 0 |6 C1442 |7 1 |9 47725 |a Arxiu |b Arxiu |d 2016-12-01 |l 0 |o C-1-442 |p 11619 |r 2016-12-01 00:00:00 |w 2016-12-01 |y ARXIU | ||
| 999 | |c 51524 |d 51524 | ||